LEADER 01947nam 2200433 n 450 001 996392003803316 005 20200824121602.0 035 $a(CKB)1000000000675150 035 $a(EEBO)2264220721 035 $a(UnM)99830440e 035 $a(UnM)99830440 035 $a(EXLCZ)991000000000675150 100 $a19950801d1646 uy | 101 0 $aeng 135 $aurbn||||a|bb| 200 00$aMagnalia Dei ab aquilone$b[electronic resource] $eset forth, in a sermon preached before the right honourable the Lords and Commons, at Saint Margarets Westminster, upon Thursday, July 18, 1644. Being the day of publike thanksgiving for the great victory obtained against Prince Rupert and the Earl of Newcastles forces neer York. By Richard Vines, minister of Gods word at Weddington in the county of Warwick, and a member of the Assembly of Divines. Published by order of both Houses 210 $aLondon $cprinted by R.L. for Abel Roper, at the signe of the Sun against St. Dunstans Church in Fleetstreet$d1646 215 $a[4], 20 p 300 $aWith marginal notes. 300 $aIn this edition, top of ornamental border has 34 acorns. 300 $aOrders to print from the two Houses of Parliament on p. [2]. 300 $aRunning title: A sermon preached on the day of publike thanksgiving for the great victory obtained neere York. 300 $aReproduction of the original at the Harvard University Library. 330 $aeebo-0062 606 $aRoundheads$vEarly works to 1800 606 $aFast-day sermons$y17th century 606 $aSermons, English$y17th century 615 0$aRoundheads 615 0$aFast-day sermons 615 0$aSermons, English 700 $aVines$b Richard$f1600?-1656.$01001686 801 0$bCu-RivES 801 1$bCu-RivES 801 2$bCStRLIN 801 2$bWaOLN 906 $aBOOK 912 $a996392003803316 996 $aMagnalia dei ab aquilone$92359507 997 $aUNISA